000 01014nam a22003017a 4500
003 CHAP
005 20220329134013.0
008 971013s1926 r 00010 d
010 _a13930
011 _a14902
035 _a18976
040 _cCHAP
090 _aFolleto 1324
100 0 0 _aGonzález Fragoso, Romualdo.
_948910
245 _aHongos parásitos y saprófitos de la República Dominicana; 5a. serie
260 _aSanto Domingo :
_bEstación Agronómica de Haina,
_c1926
300 _a14 p.
490 _aEstación Agronómica de Haina. Serie B. Botánica
_v; 7
590 _aBATCH-UPD
_b10
_c20130110
_lUCH01
_h1737
590 _aBATCH-UPD
_b10
_c20130410
_lUCH01
_h1117
590 _aBATCH-UPD
_b10
_c20130914
_lUCH01
_h1549
590 _aCONVERSION
_b10
_c20130109
_lUCH01
_h1309
650 1 4 _aHongos fitopatógenos.
_956132
830 0 _aEstación Agronómica de Haina. Serie B. Botánica
_v; 7
_938214
901 _aBK
942 _cFOLL
949 _aFolleto 1324
_bBC
_cFOLL
_d-44112
_eTS1
_i18976
_si
999 _c13930
_d13930